20 größte Städte Indien - Statistiken

Allgemein
  • Dieses Quiz wurde 43 mal gespielt
  • Das Durchschnittsergebnis liegt bei 10 aus 20
Antwortstatistiken
Einwohner Antwort % Korrekt
12.478.000 Mumbai
95%
11.008.000 Delhi
91%
4.487.000 Kalkutta
77%
5.571.000 Ahmedabad
73%
8.426.000 Bangalore
73%
6.810.000 Hyderabad
73%
4.681.000 Chennai
68%
3.073.000 Jaipur
64%
3.115.000 Pune
64%
2.405.000 Nagpur
55%
1.796.000 Bhopal
50%
4.462.000 Surat
50%
1.683.000 Patna
41%
1.961.000 Indore
36%
2.767.000 Kanpur
32%
2.816.000 Lakhnau
27%
1.667.000 Vadodara
27%
1.819.000 Thane
14%
1.730.000 Visakhapatnam
9%
1.729.000 Pimpri-Chinchwad
5%
Keine übereinstimmenden Quizze gefunden
Verteilung der Resultate
Anzahl Personen mit jedem Resultat
Perzentil nach korrekt beantworteten Fragen
Ihre Resultats-Entwicklung
Sie haben dieses Quiz noch nicht gespielt